Responses for show #2049 - Thursday, July 1, 1993

Contestants

[<< previous game]

Dennis Hartin, a legal assistant from East Northport, New York

Camille Calman, a researcher and writer from New York City, New York

Mike Boyd, a video tape operator originally from Galesburg, Illinois (whose 2-day cash winnings total $40,002)

[next game >>]

Jeopardy! Round responses

U.S.A.
SONG LYRICS
WORLD ALMANAC 1868
(Alex: It will therefore have much to do with the events that preceded the publication of that, and that means 1867.)
NOTABLE NAMES
QUOTES
PIG ODDS & ENDS
    $100 21
California

Mike
    $100 2
9 to 5

Mike
    $100 1
an eclipse

Dennis
    $100 11
Franklin Roosevelt

Dennis
    $100 16
a kangaroo

Dennis
    $100 26
the toes

Mike
    $200 22
United we stand

Dennis
    $200 7
(Mike: What is a lullabye?)

a Dixie melody

MikeCamille
    $200 3
Ohio

Mike
    $200 12
Arthur Miller (or Jason Miller)

Mike
    $200 17
Shakespeare

Mike
    $200 27
slop (or swill)

Mike
    $300 23
Trenton

Camille
    $300 8
leave me

Dennis
    $300 4
Vesuvius

Mike
    $300 13
Juan PerĂ³n

Mike
    $300 18
an honest man

Mike
    $300 28
a swine

Camille
    $400 24
Atlanta

Camille
    $400 9
China

Dennis
    $400 5
Masons

Mike
    $400 14
Alfred Hitchcock

Camille
    $400 19
a swallow

Camille
    $400 29
a sty

Mike
    $500 25
Georgetown

Mike
    $500 10
(Camille: What is gold?)
(Alex: Need two colors.)
(Camille: Oh, I'm sorry, what are [*]?)
(Alex: That's it.)
(Camille: Whew.)

red & gold

Camille
    $1,000 6
Andrew Johnson

Mike
    $500 15
Prince Albert

Mike
    $500 20
These are the times that try men's souls

Triple Stumper
    $500 30
pork bellies

Mike

Scores at the first commercial break (after clue 15):

Mike Camille Dennis
$2,800 $1,100 $900

Scores at the end of the Jeopardy! Round:

Mike Camille Dennis
$5,100 $2,500 $1,200

Double Jeopardy! Round responses

AFRICAN HISTORY
SCULPTURE
RANKS & TITLES
GENERAL SCIENCE
GOVERNMENT & POLITICS
CROSSWORD CLUES "M"
    $200 6
Alexandria

Mike
    $200 19
Moses

Dennis
    $200 11
a viceroy

Mike
    $200 26
the skin

Camille
    $200 1
(Mike: What is the Commerce Department?)

the Labor Department

MikeCamille
    $200 13
Mickey

Dennis
    $400 7
(Dennis: What is Rhodesia?)
(Mike: What is Kenya?)

Algeria

MikeDennis
Triple Stumper
    $400 20
Lincoln

Dennis
    $400 12
(Alex: [*], yes, I hope you appreciate the "you're on a roll" part of the clue.)
(Camille: Afraid so.)
(Alex: Afraid so? Good. Thank you for saying it in exactly that way. Select again.)

Kaiser

Camille
    $400 27
(Mike: What is a ore?)

an alloy

MikeDennis
    $400 2
Goldwater

Dennis
    $400 14
marbles

Mike
    $600 8
Tanganyika

Mike
    $600 21
Oklahoma

Dennis
    $600 15
chevalier

Dennis
    $600 28
the solstice

Dennis
    $600 3
Arkansas

Dennis
    $600 16
meridian

Dennis
    $800 9
Mozambique

Mike
    $800 22
John the Baptist

Dennis
    $800 24
(Mike: What is a dean?)

the registrar

MikeDennis
    $800 29
energy

Dennis
    $2,000 4
(Alex: That is the one. Currently our Secretary of Defense.)

(Les) Aspin

Dennis
    $800 17
misery

Camille
    $1000 10
(Mike: What is the Congo?)
...
(Alex: Mike, if you had a second choice, you probably would have said [*]--)
(Mike: [*].)
(Alex: --yes, two big rivers on the west.)

the Niger

Mike
Triple Stumper
    $1,000 23
(Dennis: What is Chartres?)
(Alex: No, sorry. I--I have a feeling you're sort of on the right track in starting the word with "C". The Burghers of [*]--[*].)

Calais

Dennis
    $1000 25
emeritus

Camille
    $1000 30
REM sleep

Dennis
    $1000 5
(George) Romney

Mike
    $1000 18
(Alex: Right, for another thousand, and you're at $4900, you're just off second place.)

Messina

Camille

Scores at the end of the Double Jeopardy! Round:

Mike Camille Dennis
$5,500 $6,100 $9,800

[wagering suggestions for these scores]

Final Jeopardy! Round responses

BUSINESS & INDUSTRY
MikeWhat is Corning Ware?
$1,901
CamilleWhat is Corning?
$6,000
DennisWhat is Corning?
$1,300
Corning

Final scores:

Mike Camille Dennis
$3,599 $12,100 $11,100
3rd place: an Oneida silversmiths gift certificate the Jeopardy! 25th anniversary computer game or the Jeopardy! '92 home game New champion: $12,100 the Jeopardy! 25th anniversary computer game or the Jeopardy! '92 home game 2nd place: a trip to Las Vegas, Nevada aboard Delta Airlines with 1-week accomodations at the Flamingo Hilton Las Vegas the Jeopardy! 25th anniversary computer game or the Jeopardy! '92 home game

Game dynamics:

Coryat scores:

Mike Camille Dennis
$5,000 $6,100 $9,600
22 R
(including 1 DD),
6 W
13 R,
0 W
21 R
(including 1 DD),
2 W
(including 1 DD)

Combined Coryat: $20,700

The J! Archive is created by fans, for fans. Scraping, republication, monetization, and malicious use prohibited; this site may use cookies and collect identifying information. See terms. The Jeopardy! game show and all elements thereof, including but not limited to copyright and trademark thereto, are the property of Jeopardy Productions, Inc. and are protected under law. This website is not affiliated with, sponsored by, or operated by Jeopardy Productions, Inc. Join the discussion at JBoard.tv.